Normal view
MARC view
- Ciciora, Walter S
Entry Personal Name
001 - CONTROL NUMBER
- control field: 106287
003 - CONTROL NUMBER IDENTIFIER
- control field: NUST
005 - DATE AND TIME OF LATEST TRANSACTION
- control field: 20221228182626.0
008 - FIXED-LENGTH DATA ELEMENTS
- fixed length control field: 221228|| aca||aabn | a|a d
040 ## - CATALOGING SOURCE
- Original cataloging agency: NUST
- Transcribing agency: NUST
100 ## - HEADING--PERSONAL NAME
- Personal name: Ciciora, Walter S
670 ## - SOURCE DATA FOUND
- Source citation: Work cat.: (NUST)183927: Modern cable television technology :, c2004.
